Liga Mistrzów UEFA - hat-tricki - Statystyki

Ogólne statystyki
  • Ten quiz został rozwiązany 1 393 razy
    860 od ostatniego zresetowania
  • Średni wynik to 59 z 149
Statystyki odpowiedzi
Dla kogo? Przeciwko komu? Wynik końcowy Sezon Narodowość Zawodnik % Poprawnych
FC Barcelona (4 gole) Arsenal 4-1 2009/10 Argentyna Lionel Messi
97%
FC Barcelona Viktoria Pilzno 4-0 2011/12 Argentyna Lionel Messi
97%
FC Barcelona (5 goli) Bayer Leverkusen 7-1 2011/12 Argentyna Lionel Messi
97%
FC Barcelona Ajax Amsterdam 4-0 2013/14 Argentyna Lionel Messi
97%
FC Barcelona APOEL Nikozja 4-0 2014/15 Argentyna Lionel Messi
97%
FC Barcelona Celtic Glasgow 7-0 2016/17 Argentyna Lionel Messi
97%
FC Barcelona Manchester City 4-0 2016/17 Argentyna Lionel Messi
97%
FC Barcelona PSV Eindhoven 4-0 2018/19 Argentyna Lionel Messi
97%
Borussia Dortmund (4 gole) Real Madryt 4-1 2012/13 Polska Robert Lewandowski
96%
Bayern Monachium Dinamo Zagrzeb 5-0 2015/16 Polska Robert Lewandowski
96%
Bayern Monachium (4 gole) Crvena zvezda Belgrad 6-0 2019/20 Polska Robert Lewandowski
96%
Bayern Monachium Benfica 5-2 2021/22 Polska Robert Lewandowski
96%
Bayern Monachium RB Salzburg 7-1 2021/22 Polska Robert Lewandowski
96%
FC Barcelona Viktoria Pilzno 5-1 2022/23 Polska Robert Lewandowski
96%
Real Madryt Manchester United 3-4 2002/03 Brazylia Ronaldo
96%
Real Madryt AJ Auxerre 4-0 2010/11 Francja Karim Benzema
89%
Real Madryt Malmö FF 8-0 2015/16 Francja Karim Benzema
89%
Real Madryt Paris Saint-Germain 3-1 2021/22 Francja Karim Benzema
89%
Real Madryt Chelsea 3-1 2021/22 Francja Karim Benzema
89%
FC Barcelona Celtic Glasgow 6-1 2013/14 Brazylia Neymar
88%
Paris Saint-Germain Crvena zvezda Belgrad 6-1 2018/19 Brazylia Neymar
88%
Paris Saint-Germain İstanbul Başakşehir 5-1 2020/21 Brazylia Neymar
88%
Paris Saint-Germain Club Brugge 5-0 2019/20 Francja Kylian Mbappé
86%
Paris Saint-Germain FC Barcelona 4-1 2020/21 Francja Kylian Mbappé
86%
Liverpool Rangers 7-1 2022/23 Egipt Mohamed Salah
83%
Real Madryt Ajax Amsterdam 4-1 2012/13 Portugalia Cristiano Ronaldo
78%
Real Madryt Galatasaray 6-1 2013/14 Portugalia Cristiano Ronaldo
78%
Real Madryt Szachtar Donieck 4-0 2015/16 Portugalia Cristiano Ronaldo
78%
Real Madryt (4 gole) Malmö FF 8-0 2015/16 Portugalia Cristiano Ronaldo
78%
Real Madryt VfL Wolfsburg 3-0 2015/16 Portugalia Cristiano Ronaldo
78%
Real Madryt Bayern Monachium 4-2 2016/17 Portugalia Cristiano Ronaldo
78%
Real Madryt Atlético Madryt 3-0 2016/17 Portugalia Cristiano Ronaldo
78%
Juventus Atlético Madryt 3-0 2018/19 Portugalia Cristiano Ronaldo
78%
Red Bull Salzburg Genk 6-2 2019/20 Norwegia Erling Braut Håland
74%
Liverpool FC Porto 5-0 2017/18 Senegal Sadio Mané
67%
Tottenham Hotspur APOEL Nikozja 3-0 2017/18 Anglia Harry Kane
66%
Paris Saint-Germain (4 gole) Anderlecht 5-0 2013/14 Szwecja Zlatan Ibrahimović
65%
Manchester City Bayern Monachium 3-2 2014/15 Argentyna Sergio Agüero
64%
Manchester City Borussia Mönchengladbach 4-0 2016/17 Argentyna Sergio Agüero
64%
SSC Napoli Genk 4-0 2019/20 Polska Arkadiusz Milik
62%
Olympique Marsylia Partizan Belgrad 3-0 2003/04 Wybrzeże Kości Słoniowej Didier Drogba
59%
Chelsea Lewski Sofia 3-1 2006/07 Wybrzeże Kości Słoniowej Didier Drogba
59%
AS Roma Viktoria Pilzno 5-0 2018/19 Bośnia i Hercegowina Edin Džeko
58%
Tottenham Hotspur Inter Mediolan 3-4 2010/11 Walia Gareth Bale
58%
FC Barcelona Udinese 4-1 2005/06 Brazylia Ronaldinho
57%
Borussia Dortmund Benfica 4-0 2016/17 Gabon Pierre-Emerick Aubameyang
52%
Liverpool Atalanta 5-0 2020/21 Portugalia Diogo Jota
51%
Manchester City Szachtar Donieck 6-0 2018/19 Brazylia Gabriel Jesus
51%
Manchester City Dinamo Zagrzeb 4-1 2019/20 Brazylia Gabriel Jesus
51%
Arsenal Olympiakos 3-0 2015/16 Francja Olivier Giroud
51%
Chelsea (4 gole) Sevilla FC 4-0 2020/21 Francja Olivier Giroud
51%
Juventus BSC Young Boys 3-0 2018/19 Argentyna Paolo Dybala
51%
Manchester United RB Lipsk 5-0 2020/21 Anglia Marcus Rashford
50%
Arsenal AS Roma 3-1 2002/03 Francja Thierry Henry
50%
Manchester United Fenerbahçe 6-2 2004/05 Anglia Wayne Rooney
49%
RB Lipsk Manchester City 3-6 2021/22 Francja Christopher Nkunku
48%
Bayern Monachium (4 gole) Tottenham Hotspur 7-2 2019/20 Niemcy Serge Gnabry
48%
Dynamo Kijów FC Barcelona 4-0 1997/98 Ukraina Andrij Szewczenko
47%
AC Milan (4 gole) Fenerbahçe 4-0 2005/06 Ukraina Andrij Szewczenko
47%
Real Madryt Galatasaray 6-0 2019/20 Brazylia Rodrygo
47%
Arsenal Łudogorzec Razgrad 6-0 2016/17 Niemcy Mesut Özil
46%
Manchester United Olympiakos 3-0 2013/14 Holandia Robin van Persie
46%
Ajax (4 gole) Sporting CP 5-1 2021/22 Wybrzeże Kości Słoniowej Sébastien Haller
45%
Tottenham Hotspur Ajax Amsterdam 3-2 2018/19 Brazylia Lucas Moura
44%
Atlético Madryt Olympiakos 4-0 2014/15 Chorwacja Mario Mandžukić
44%
FC Barcelona Panathinaikos 5-0 2005/06 Kamerun Samuel Eto'o
44%
Inter Mediolan Werder Brema 4-0 2010/11 Kamerun Samuel Eto'o
44%
FC Barcelona Borussia Mönchengladbach 4-0 2016/17 Turcja Arda Turan
43%
Atalanta (4 gole) Valencia CF 4-3 2019/20 Słowenia Josip Iličić
40%
AC Milan Anderlecht 4-1 2006/07 Brazylia Kaká
40%
Juventus AS Monaco 4-1 1997/98 Włochy Alessandro Del Piero
38%
Juventus FC Kopenhaga 3-1 2013/14 Chile Arturo Vidal
38%
Manchester City Atalanta 5-1 2019/20 Anglia Raheem Sterling
38%
Real Madryt Ferencváros 6-1 1995/96 Hiszpania Raúl
38%
AC Milan (4 gole) IFK Göteborg 4-0 1992/93 Holandia Marco van Basten
37%
Bayern Monachium CFR Cluj 4-0 2010/11 Niemcy Mario Gómez
33%
Bayern Monachium SSC Napoli 3-2 2011/12 Niemcy Mario Gómez
33%
Bayern Monachium (4 gole) FC Basel 7-0 2011/12 Niemcy Mario Gómez
33%
FC Barcelona AC Milan 3-3 2000/01 Brazylia Rivaldo
32%
Inter Mediolan FC Porto 3-1 2004/05 Brazylia Adriano
29%
Inter Mediolan Artmedia Petržalka 4-0 2005/06 Brazylia Adriano
29%
Liverpool Spartak Moskwa 3-1 2002/03 Anglia Michael Owen
28%
Manchester United VfL Wolfsburg 3-1 2009/10 Anglia Michael Owen
28%
Bayern Monachium Lille OSC 6-1 2012/13 Peru Claudio Pizarro
27%
Newcastle United Bayer Leverkusen 3-1 2002/03 Anglia Alan Shearer
26%
Liverpool Spartak Moskwa 7-0 2017/18 Brazylia Philippe Coutinho
26%
PSV Eindhoven HJK Helsinki 3-1 1998/99 Holandia Ruud van Nistelrooy
26%
Manchester United (4 gole) Sparta Praga 4-1 2004/05 Holandia Ruud van Nistelrooy
26%
Sevilla FC NK Maribor 3-0 2017/18 Francja Wissam Ben Yedder
23%
Borussia Mönchengladbach Szachtar Donieck 6-0 2020/21 Francja Alassane Pléa
22%
Dinamo Zagrzeb Atalanta 4-0 2019/20 Chorwacja Mislav Oršić
21%
PSV Eindhoven AEK Ateny 3-0 1992/93 Brazylia Romário
20%
Arsenal FC Porto 5-0 2009/10 Dania Nicklas Bendtner
19%
Galatasaray CFR Cluj 3-1 2012/13 Turcja Burak Yılmaz
16%
Valencia CF Olympiakos 4-2 2006/07 Hiszpania Fernando Morientes
16%
Bayern Monachium Olympique Lyon 3-0 2009/10 Chorwacja Ivica Olić
16%
Ajax Amsterdam Ferencváros 5-1 1995/96 Finlandia Jari Litmanen
16%
Szachtar Donieck Nordsjælland 5-2 2012/13 Brazylia Luiz Adriano
16%
Szachtar Donieck (5 goli) BATE Borysów 7-0 2014/15 Brazylia Luiz Adriano
16%
Szachtar Donieck BATE Borysów 5-0 2014/15 Brazylia Luiz Adriano
16%
Manchester United Feyenoord 3-1 1997/98 Anglia Andy Cole
13%
Manchester United Anderlecht 5-1 2000/01 Anglia Andy Cole
13%
Manchester City CSKA Moskwa 5-2 2013/14 Hiszpania Álvaro Negredo
11%
Arsenal Galatasaray 4-1 2014/15 Anglia Danny Welbeck
11%
CFR Cluj Sporting Braga 3-1 2012/13 Portugalia Rui Pedro
11%
FC Porto BATE Borysów 6-0 2014/15 Algieria Yacine Brahimi
10%
Deportivo La Coruña Bayern Monachium 3-2 2002/03 Holandia Roy Makaay
9%
Bayern Monachium Ajax Amsterdam 4-0 2004/05 Holandia Roy Makaay
9%
Liverpool Beşiktaş 8-0 2007/08 Izrael Yossi Benayoun
9%
Valencia CF Lazio 5-2 1999/2000 Hiszpania Gerard López
8%
VfL Wolfsburg CSKA Moskwa 3-1 2009/10 Brazylia Grafite
8%
Arsenal FC Basel 4-1 2016/17 Hiszpania Lucas Pérez
8%
Valencia CF Genk 7-0 2011/12 Hiszpania Roberto Soldado
8%
Valencia CF BATE Borysów 3-0 2012/13 Hiszpania Roberto Soldado
8%
AS Monaco (4 gole) Deportivo La Coruña 8-3 2003/04 Chorwacja Dado Pršo
6%
Olympique Marsylia MŠK Žilina 7-0 2010/11 Francja André-Pierre Gignac
5%
Olympiakos Anderlecht 3-0 2013/14 Grecja Kostas Mitroglou
5%
Paris Saint-Germain Anderlecht 5-0 2017/18 Francja Layvin Kurzawa
5%
Olympique Lyon (4 gole) Dinamo Zagrzeb 7-1 2011/12 Francja Bafétimbi Gomis
4%
Juventus Dynamo Kijów 4-1 1997/98 Włochy Filippo Inzaghi
4%
Juventus Hamburger SV 4-4 2000/01 Włochy Filippo Inzaghi
4%
AC Milan Deportivo La Coruña 4-0 2002/03 Włochy Filippo Inzaghi
4%
İstanbul Başakşehir RB Lipsk 3-4 2020/21 Turcja İrfan Can Kahveci
4%
Lazio Szachtar Donieck 5-1 2000/01 Argentyna Claudio López
3%
Villarreal AaB 6-3 2008/09 Hiszpania Joseba Llorente
3%
Newcastle United FC Barcelona 3-2 1997/98 Kolumbia Faustino Asprilla
2%
Werder Brema Anderlecht 5-1 2004/05 Chorwacja Ivan Klasnić
2%
AC Milan Rosenborg 4-1 1996/97 Włochy Marco Simone
2%
AS Monaco Sturm Graz 5-0 2000/01 Włochy Marco Simone
2%
Olympique Lyon Werder Brema 7-2 2004/05 Francja Sylvain Wiltord
2%
Deportivo La Coruña Paris Saint-Germain 4-3 2000/01 Urugwaj Walter Pandiani
2%
Szachtar Donieck FC Basel 5-0 2008/09 Brazylia Jádson
1%
Schalke 04 PSV Eindhoven 3-0 2005/06 Gruzja Lewan Kobiaszwili
1%
Lazio (4 gole) Olympique Marsylia 4-1 1999/2000 Włochy Simone Inzaghi
1%
Udinese Panathinaikos 3-0 2005/06 Włochy Vincenzo Iaquinta
1%
Spartak Moskwa Willem II 3-1 1999/2000 Rosja Andriej Tichonow
0%
Werder Brema Dinamo Mińsk 5-2 1993/94 Niemcy Bernd Hobsch
0%
Olympique Marsylia CSKA Moskwa 6-0 1992/93 Francja Franck Sauzée
0%
Rosenborg Helsingborg 6-1 2000/01 Norwegia Frode Johnsen
0%
PSV Eindhoven Žalgiris Wilno 6-0 1992/93 Holandia Juul Ellerman
0%
Anderlecht HJK Helsinki 3-0 1993/94 Belgia Luc Nilis
0%
Blackburn Rovers Rosenborg 4-1 1995/96 Anglia Mike Newell
0%
Olympiakos Bayer Leverkusen 6-2 2002/03 Serbia Predrag Đorđević
0%
Spartak Moskwa Skonto Ryga 5-0 1993/94 Rosja Siergiej Rodionow
0%
CSKA Moskwa Paris Saint-Germain 3-1 2004/05 Rosja Siergiej Siemak
0%
Rosenborg Galatasaray 3-1 1998/99 Norwegia Sigurd Rushfeldt
0%
Fenerbahçe Manchester United 3-0 2004/05 Turcja Tuncay Şanlı
0%
FC Kaiserslautern HJK Helsinki 5-2 1998/99 Niemcy Uwe Rösler
0%
Maccabi Hajfa Olympiakos 3-0 2002/03 Nigeria Yakubu Aiyegbeni
0%
Nie znaleziono quizów pasujących do podanych kryteriów
Rozkład punktacji
Procent ludzi z każdym wynikiem
Percentyl według liczby udzielonych odpowiedzi
Twoja historia wyników
Nie rozwiązałeś tego quizu od ostatniego zresetowania